Statistics for The Beatles - Come Together

Click here to take the quiz!

General Stats

  • This quiz has been taken 120 times
  • The average score is 143 of 194

Answer Stats

Answer% Correct
Come
99%
To
99%
Together
96%
Me
95%
No
95%
Right
93%
He
91%
Now
91%
Over
91%
Got
87%
A
84%
I
82%
Be
80%
Do
78%
You
78%
One
75%
Is
74%
His
72%
Flat
71%
Up
71%
Eyeball
70%
Knee
70%
Slowly
70%
Can
69%
Down
69%
Please
69%
Top
69%
Free
68%
Roller
68%
What
68%
Hair
67%
Here
67%
Just
67%
And
66%
Grooving
66%
Joker
66%
Know
65%
Old
65%
Thing
65%
Holy
64%
Tell
64%
Coca-Cola
61%
Good
61%
Say
59%
Joo
57%
Looking
57%
Shoot
57%
Shoe
55%
Three
55%
Yeah
55%
Disease
54%
Football
54%
Hard
54%
In
54%
See
54%
Feel
53%
Shine
53%
So
53%
Cause
51%
Finger
51%
He's
51%
Toe
51%
Feet
50%
Jam
50%
Wear
50%
Arm
48%
Below
48%
Oh
47%
Hold
45%
Monkey
44%
Chair
41%
Coaster
40%
Spinal
40%
Walrus
40%
Cracker
39%
Gum
37%
Production
36%
Boot
35%
Side
35%
Early
34%
Water
34%
Filter
33%
Ono
33%
Warning
33%
Muddy
31%
Mojo
30%
Bag
29%
Board
26%

Score Distribution

Percentile by Number Answered

Percent of People with Each Score

Your Score History

You have not taken this quiz